| 000 | 00611nam a2200217 a 4500 | ||
|---|---|---|---|
| 005 | 20240228064310.0 | ||
| 008 | 170911s2006 mx r 000 0 spa d | ||
| 020 | _a9685938857 | ||
| 035 | _aUPN01000220411 | ||
| 049 | _aI | ||
| 050 | 4 |
_aQB521.5 _bG3.7 |
|
| 100 | 1 |
_aGaneri, Anita, _d1961- _933204 |
|
| 245 | 1 | 3 |
_aEl sol / _cAnita Ganeri ; tr. Collen Coffey. |
| 260 |
_aMéxico : _bSigno, _cc2006. |
||
| 300 |
_a24 p. : _bil. col. |
||
| 440 | 0 | _aClub de lectores | |
| 650 | 4 |
_aSOL - _vLITERATURA INFANTIL _922064 |
|
| 650 | 4 |
_aLibros y lectura para niños _92290 |
|
| 905 | _aInfantil | ||
| 999 |
_c192510 _d192510 |
||